| 000 | 00697nam a2200301Ia 4500 | ||
|---|---|---|---|
| 008 | 171025s9999 xx 000 0 und d | ||
| 020 | _a9780306819292 | ||
| 050 | _a920 | ||
| 050 | _bH477 2010 | ||
| 100 | _aHelling, Steve | ||
| 245 | _aTiger : | ||
| 245 | _bthe real story / | ||
| 245 | _cby Steve Helling. | ||
| 260 | _aUSA : | ||
| 260 | _bDa Capo, | ||
| 260 | _c2010 | ||
| 300 | _axiv, 242 pages : | ||
| 300 | _billustrations ; | ||
| 300 | _c23cm. | ||
| 500 | _aIncludes index. | ||
| 650 | _aGolfers -- | ||
| 650 | _aSex scandals -- | ||
| 650 | _aWood, Tiger -- | ||
| 650 | _xBiography. | ||
| 650 | _xUnited States. | ||
| 650 | _xUnited States. | ||
| 700 | _aTitle. | ||
| 999 |
_c344577 _d344577 |
||